[Event "Charleroi op 4th"]
[Site "Charleroi"]
[Date "2005.08.01"]
[Round "4"]
[White "Wautelet, Patrick"]
[Black "Lersy, Xavier"]
[Result "1/2-1/2"]
[WhiteElo "1624"]
[BlackElo "2067"]
[PlyCount "36"]
[EventDate "2005.07.30"]
[EventType "swiss"]
[EventRounds "9"]
[EventCountry "BEL"]
[SourceTitle "EXT 2006"]
[Source "ChessBase"]
[SourceDate "2005.11.24"]
[SourceVersion "1"]
[SourceVersionDate "2005.11.24"]
[SourceQuality "1"]

1. d4 e6 2. c4 f5 3. Nc3 Nf6 4. Bg5 Be7 5. Nf3 0-0 6. e3 Qe8 7. Be2 d6 8. 0-0 Nbd7 9. Re1 c6 10. Bd3 d5 11. Qc2 a6 12. c5 h6 13. Bh4 Qh5 14. Bg3 g5 15. Be2 Qg6 16. Ne5 Qg7 17. a4 Ne4 18. Nxd7 Bxd7 1/2-1/2